The screwtape letters: (Record no. 6132)

MARC details
000 -LEADER
fixed length control field 00575nam a22002057a 4500
003 - CONTROL NUMBER IDENTIFIER
control field GBCCL
005 - DATE AND TIME OF LATEST TRANSACTION
control field 20241126110556.0
008 - FIXED-LENGTH DATA ELEMENTS--GENERAL INFORMATION
fixed length control field 180501b ||||| |||| 00| 0 eng d
020 ## - INTERNATIONAL STANDARD BOOK NUMBER
International Standard Book Number 0006224865
040 ## - CATALOGING SOURCE
Transcribing agency gbc
082 ## - DEWEY DECIMAL CLASSIFICATION NUMBER
Classification number 813.54
Item number LEW
100 ## - MAIN ENTRY--PERSONAL NAME
Personal name Lewis, C. S.
9 (RLIN) 11026
245 ## - TITLE STATEMENT
Title The screwtape letters:
Remainder of title Letters from a senior to a junior devil /
Statement of responsibility, etc. C. S. Lewis
250 ## - EDITION STATEMENT
Edition statement 20th impression
260 ## - PUBLICATION, DISTRIBUTION, ETC.
Place of publication, distribution, etc. London:
Name of publisher, distributor, etc. Collins,
Date of publication, distribution, etc. 1973
300 ## - PHYSICAL DESCRIPTION
Extent 160 p.;
Dimensions 18 cm.
650 ## - SUBJECT ADDED ENTRY--TOPICAL TERM
Topical term or geographic name entry element Christianity
Chronological subdivision 20th century
9 (RLIN) 436
650 ## - SUBJECT ADDED ENTRY--TOPICAL TERM
Topical term or geographic name entry element Religious fiction
9 (RLIN) 5682
942 ## - ADDED ENTRY ELEMENTS (KOHA)
Source of classification or shelving scheme Dewey Decimal Classification
Koha item type Books
Holdings
Withdrawn status Lost status Source of classification or shelving scheme Damaged status Not for loan Home library Current Library Shelving location Date acquired Total checkouts Full call number Barcode Date last seen Copy number Price effective from Koha item type
    Dewey Decimal Classification     GRACE BIBLE COLLEGE GRACE BIBLE COLLEGE General Studies 2018-05-01   813.54 LEW 002091 2025-05-01 c.1 2018-05-01 Books
© Grace Bible College Library 2025